Le XVI siècle
Saved in:
| Main Authors: | , |
|---|---|
| Format: | Book |
| Language: | French |
| Published: |
París
Presses Universitaires de France
1950
|
| Edition: | 3a. ed |
| Series: | Clio. Introduction aux Etudes Historiques
|
| Subjects: | |
| Tags: |
Add Tag
No Tags, Be the first to tag this record!
|
MARC
| LEADER | 00000nam a2200000 a 4500 | ||
|---|---|---|---|
| 001 | UCP9967 | ||
| 003 | CL-VaPUC | ||
| 008 | 000407e19500000FR |||||||||||||||||fre|d | ||
| 082 | 0 | 4 | |a 940.232 |b SEE |2 21 |
| 100 | 0 | |a Sée, Henri |e author |9 440964 | |
| 700 | 0 | |a Rébillon, Armand |e author |9 440965 | |
| 245 | 1 | 3 | |a Le XVI siècle |
| 250 | |a 3a. ed | ||
| 300 | |a 525 p | ||
| 942 | |c BK | ||
| 945 | |d 20000407 00:00:00 |a rherrera | ||
| 260 | |a París |b Presses Universitaires de France |c 1950 | ||
| 600 | 0 | |a Calvino, Italo |9 322824 | |
| 600 | 0 | |a Lutero, Martín |d 1483-1546 |9 859309 | |
| 650 | 0 | |a Historia de Europa Siglo 16 |9 346729 | |
| 650 | 0 | |a Renacimiento |9 255107 | |
| 650 | 0 | |a Humanismo |9 256530 | |
| 650 | 0 | |a Descubrimientos geográficos |9 331933 | |
| 650 | 7 | |a REVOLUCION ECONOMICA |2 CL-VaPUC |9 440571 | |
| 650 | 7 | |a REFORMA RELIGIOSA |2 CL-VaPUC |9 257490 | |
| 650 | 7 | |a CONTRAREFORMA |2 CL-VaPUC |9 319528 | |
| 651 | 0 | |a Europa |9 255156 | |
| 651 | 0 | |a Francia |9 255157 | |
| 651 | 0 | |a Italia |9 254949 | |
| 651 | 0 | |a Rusia |9 256106 | |
| 651 | 0 | |a Inglaterra |9 255158 | |
| 651 | 0 | |a Asia |9 268338 | |
| 583 | |a last modification |c 20160817 04:32:23 |k Rodrigo Vera | ||
| 490 | 0 | |a Clio. Introduction aux Etudes Historiques | |
| 999 | |c 286747 |d 286745 | ||
| 952 | |0 0 |1 0 |4 0 |6 940_232000000000000_SEE_1950 |7 0 |8 A |9 332859 |a BIBHIS |b BIBHIS |d 2019-11-20 |i 1263706 |l 1 |o 940.232 SEE 1950 |p 1263706 |r 2025-01-20 |s 2023-04-19 |w 2019-11-20 |y BK |k HIS | ||